000 00276nam a22001217a 4500
008 181105b xxu||||| |||| 00| 0 eng d
041 _aeng
080 _a910
100 _a42
101 _aGJEO
245 _aIntroduction to Physical Geography
_cGabler,R,E
942 _2udc
_cBK
999 _c51822
_d51822